[Event "XXVI Ogolnopolska Olimpiada Mlodziezy"]
[Site "Pulawy"]
[Date "2020.10.09"]
[Round "7.25"]
[White "Dzierzgowska, Jagoda"]
[Black "Wittych, Julia"]
[Result "0-1"]
[WhiteElo "1109"]
[BlackElo "1141"]
[PlyCount "142"]
[EventDate "2020.10.04"]
[EventType "swiss"]
[Tiebreak "Sum of Buchholz+Median1 Buchholz+Sonneborn-Berger (Swiss)"]

1. d4 Nf6 2. Nf3 e6 3. Bf4 Nc6 4. e3 d5 5. c4 Bb4+ 6. Nc3 O-O 7. a3 Bxc3+ 8.
bxc3 Re8 9. h3 Ne4 10. Qc2 h6 11. cxd5 exd5 12. c4 Bf5 13. Bd3 dxc4 14. Qxc4
Be6 15. Qc2 Nf6 16. O-O Qd7 17. Rfe1 Rac8 18. Ne5 Nxe5 19. Bxe5 Qe7 20. a4 Nd7
21. Bg3 c5 22. dxc5 Nxc5 23. Qe2 Bd7 24. Bb5 a6 25. Bxd7 Qxd7 26. Red1 Qe6 27.
Rd6 Qe7 28. Rb6 Qe4 29. a5 Rc6 30. Rbb1 Qf5 31. f3 Qe6 32. Bf2 Nb3 33. Ra3 Nd4
34. Qa2 Qxa2 35. Rxa2 Nb5 36. Rd2 Rc7 37. e4 Ree7 38. Bb6 Rcd7 39. Rbb2 Rxd2
40. Rxd2 f6 41. Kf2 Kf7 42. Bd8 Re8 43. Rd7+ Ke6 44. Rd3 Nd6 45. Bc7 Nc4 46.
Rb3 Re7 47. Bb6 Nxb6 48. axb6 Kd6 49. Ke3 Kc5 50. f4 Re6 51. g4 Rxb6 52. Rxb6
Kxb6 53. Kd4 Kc6 54. e5 fxe5+ 55. fxe5 Kd7 56. Kd5 a5 57. e6+ Ke7 58. h4 a4 59.
g5 a3 60. gxh6 gxh6 61. h5 a2 62. Ke5 a1=Q+ 63. Kd5 Qc3 64. Ke4 Kxe6 65. Kf4
Qe5+ 66. Kg4 Qf6 67. Kh3 Qg5 68. Kh2 Kf5 69. Kh3 Kf4 70. Kh2 Kf3 71. Kh1 Qg2#
0-1

[Event "XXVI Ogolnopolska Olimpiada Mlodziezy"]
[Site "Pulawy"]
[Date "2020.10.09"]
[Round "7.26"]
[White "Kuczynski, Michal"]
[Black "Pisarek, Jan"]
[Result "1-0"]
[WhiteElo "1341"]
[BlackElo "1608"]
[PlyCount "73"]
[EventDate "2020.10.04"]
[EventType "swiss"]
[Tiebreak "Sum of Buchholz+Median1 Buchholz+Sonneborn-Berger (Swiss)"]

1. e4 c5 2. Nf3 Nc6 3. d4 cxd4 4. Nxd4 e5 5. Nb3 Nf6 6. Nc3 Bb4 7. Bd3 d5 8.
exd5 Nxd5 9. Bd2 Bxc3 10. bxc3 O-O 11. Qf3 f5 12. Bc4 e4 13. Qg3 Kh8 14. Bxd5
Qxd5 15. Rd1 Qf7 16. Bf4 Be6 17. O-O Rad8 18. a3 Rxd1 19. Rxd1 Bxb3 20. cxb3
Qxb3 21. Rc1 Rd8 22. h3 Qxa3 23. Be3 Qd6 24. Qg5 Rf8 25. Rb1 b6 26. Rb5 f4 27.
Bd4 Nxd4 28. cxd4 Re8 29. Re5 Rxe5 30. dxe5 Qf8 31. e6 h6 32. e7 Qe8 33. Qe5 e3
34. fxe3 fxe3 35. Qxe3 Kh7 36. Qd3+ Kg8 37. Qd5+ 1-0

[Event "XXVI Ogolnopolska Olimpiada Mlodziezy"]
[Site "Pulawy"]
[Date "2020.10.09"]
[Round "8.1"]
[White "Klimkowski, Jan"]
[Black "Janeczko, Jakub"]
[Result "1-0"]
[WhiteElo "2298"]
[BlackElo "1933"]
[PlyCount "57"]
[EventDate "2020.10.04"]
[EventType "swiss"]
[Tiebreak "Sum of Buchholz+Median1 Buchholz+Sonneborn-Berger (Swiss)"]

1. d4 f5 2. g3 Nf6 3. Bg2 g6 4. Nf3 Bg7 5. O-O O-O 6. c4 d6 7. Nc3 e6 8. Qc2
Nc6 9. d5 Nb4 10. Qb3 Na6 11. dxe6 Nc5 12. Qc2 Bxe6 13. b3 a5 14. Be3 Qe7 15.
Rad1 Rad8 16. Ng5 Bc8 17. Nd5 Nxd5 18. Bxd5+ Kh8 19. Nf7+ Rxf7 20. Bxf7 f4 21.
Bxc5 Qxf7 22. Bd4 Bh3 23. Rfe1 Rf8 24. Qc3 fxg3 25. Bxg7+ Kg8 26. Qxg3 Kxg7 27.
Qxh3 Qxf2+ 28. Kh1 Rf4 29. Qg3 1-0

[Event "XXVI Ogolnopolska Olimpiada Mlodziezy"]
[Site "Pulawy"]
[Date "2020.10.09"]
[Round "8.1"]
[White "Seemann, Jakub"]
[Black "Klim, Filip"]
[Result "0-1"]
[WhiteElo "2339"]
[BlackElo "1843"]
[PlyCount "106"]
[EventDate "2020.10.04"]
[EventType "swiss"]
[Tiebreak "Sum of Buchholz+Median1 Buchholz+Sonneborn-Berger (Swiss)"]

1. d4 d5 2. c4 e6 3. g3 Nf6 4. Bg2 dxc4 5. Nf3 a6 6. O-O Nc6 7. e3 Rb8 8. Qe2
Be7 9. Qxc4 O-O 10. Nbd2 Qd7 11. Nb3 b5 12. Qc2 Bb7 13. Nc5 Bxc5 14. Qxc5 Qd6
15. Qg5 Nb4 16. Qh4 Be4 17. Ne1 Bxg2 18. Nxg2 Rb6 19. e4 e5 20. Be3 exd4 21. e5
Qxe5 22. Bxd4 g5 23. Bxe5 gxh4 24. Nxh4 Nd3 25. Bxc7 Rc6 26. Ba5 Nxb2 27. Nf5
Re8 28. Rfe1 Rce6 29. h3 Nc4 30. Bc3 Nd5 31. Rxe6 fxe6 32. Nh6+ Kf8 33. Bd4 e5
34. Bc5+ Kg7 35. Nf5+ Kf6 36. g4 Rc8 37. Ba7 Rc7 38. Bb8 Rd7 39. Rd1 Ke6 40. f4
Nxf4 41. Rxd7 Kxd7 42. Kh2 Kc6 43. Kg3 Kd5 44. Ne7+ Ke4 45. Nc6 Nd3 46. h4 a5
47. h5 b4 48. Ne7 a4 49. g5 Nf4 50. h6 b3 51. axb3 axb3 52. g6 Nxg6 53. Nxg6 b2
0-1

[Event "XXVI Ogolnopolska Olimpiada Mlodziezy"]
[Site "Pulawy"]
[Date "2020.10.09"]
[Round "8.1"]
[White "Starosta, Martyna"]
[Black "Bar, Klaudia"]
[Result "1-0"]
[WhiteElo "2046"]
[BlackElo "1408"]
[PlyCount "45"]
[EventDate "2020.10.04"]
[EventType "swiss"]
[Tiebreak "Sum of Buchholz+Median1 Buchholz+Sonneborn-Berger (Swiss)"]

1. e4 c6 2. d4 d5 3. e5 c5 4. dxc5 Nc6 5. f4 e6 6. Be3 Bxc5 7. Bxc5 Qa5+ 8. b4
Nxb4 9. Bxb4 Qxb4+ 10. Nd2 Qxf4 11. Bb5+ Bd7 12. Bxd7+ Kxd7 13. Ngf3 Nh6 14.
O-O Rhc8 15. c4 Qe3+ 16. Kh1 Qb6 17. cxd5 exd5 18. Rb1 Qa6 19. Qb3 Rc5 20. Ng5
Rf8 21. e6+ Ke7 22. exf7 Nxf7 23. Qe3+ 1-0

[Event "XXVI Ogolnopolska Olimpiada Mlodziezy"]
[Site "Pulawy"]
[Date "2020.10.09"]
[Round "8.1"]
[White "Szczotka, Klara"]
[Black "Gaszka, Zuzanna"]
[Result "1-0"]
[WhiteElo "1959"]
[BlackElo "1417"]
[PlyCount "85"]
[EventDate "2020.10.04"]
[EventType "swiss"]
[Tiebreak "Sum of Buchholz+Median1 Buchholz+Sonneborn-Berger (Swiss)"]

1. e4 e5 2. Nf3 Nc6 3. Bc4 Nf6 4. d3 h6 5. c3 d6 6. Nbd2 g6 7. O-O Bg7 8. Re1
O-O 9. Nf1 Na5 10. Bb5 Bd7 11. Bxd7 Nxd7 12. h3 Nc6 13. Ng3 Ne7 14. Bd2 Kh7 15.
d4 f5 16. exf5 Nxf5 17. Nxf5 gxf5 18. Qb3 e4 19. Nh2 Nb6 20. Nf1 d5 21. Bf4 Qh4
22. Bxc7 Rf6 23. Bxb6 axb6 24. Qxd5 Ra5 25. Qd8 f4 26. d5 f3 27. Ng3 e3 28.
Rxe3 fxg2 29. Qd7 Qf4 30. Re2 Rf7 31. Qg4 Qxg4 32. hxg4 Rxd5 33. Kxg2 Rd3 34.
Nf5 h5 35. Rh1 Kg8 36. Rxh5 b5 37. Rh3 Rxh3 38. Kxh3 Kf8 39. Nd6 Re7 40. Rxe7
Kxe7 41. Nf5+ Kf6 42. Nxg7 Kxg7 43. f4 1-0

[Event "XXVI Ogolnopolska Olimpiada Mlodziezy"]
[Site "Pulawy"]
[Date "2020.10.09"]
[Round "8.2"]
[White "Lazniewska, Zofia"]
[Black "Kulczycka, Zofia"]
[Result "1/2-1/2"]
[WhiteElo "1506"]
[BlackElo "1493"]
[PlyCount "104"]
[EventDate "2020.10.04"]
[EventType "swiss"]
[Tiebreak "Sum of Buchholz+Median1 Buchholz+Sonneborn-Berger (Swiss)"]

1. e4 c5 2. c3 d5 3. exd5 Qxd5 4. d4 Nf6 5. Nf3 e6 6. Na3 cxd4 7. Nb5 Qd8 8.
Qxd4 Qxd4 9. Nfxd4 Na6 10. Bf4 Bc5 11. Bd6 Bxd6 12. Nxd6+ Ke7 13. Nxc8+ Raxc8
14. Bxa6 bxa6 15. Rd1 Rc7 16. Ke2 Rb8 17. Rd2 a5 18. Rhd1 a4 19. a3 Ne4 20. Rc2
Nd6 21. Rb1 Nc4 22. Rcc1 Rxb2+ 23. Rxb2 Nxb2 24. Rb1 Nc4 25. Rb4 Nxa3 26. Rxa4
Nb1 27. Rxa7 Nxc3+ 28. Kd3 Rxa7 29. Nc6+ Kf6 30. Nxa7 Nd5 31. Ke4 Kg5 32. Nb5
Nf4 33. Kf3 Ng6 34. Nc3 f5 35. g3 Ne5+ 36. Kg2 Kf6 37. h4 h6 38. Ne2 g5 39.
hxg5+ hxg5 40. Nd4 Nd3 41. Nc6 e5 42. Na5 f4 43. gxf4 exf4 44. Nb3 g4 45. Nd2
Ke5 46. Nc4+ Kd4 47. Nd2 Kc3 48. Ne4+ Kd4 49. Nf6 Ne5 50. Nxg4 Nxg4 51. Kf3
Nxf2 52. Kxf4 Ng4 1/2-1/2

[Event "XXVI Ogolnopolska Olimpiada Mlodziezy"]
[Site "Pulawy"]
[Date "2020.10.09"]
[Round "8.2"]
[White "Meers, Hubert"]
[Black "Chyzy, Jakub"]
[Result "0-1"]
[WhiteElo "1988"]
[BlackElo "2250"]
[PlyCount "70"]
[EventDate "2020.10.04"]
[EventType "swiss"]
[Tiebreak "Sum of Buchholz+Median1 Buchholz+Sonneborn-Berger (Swiss)"]

1. e4 e6 2. d4 d5 3. Nd2 Nf6 4. e5 Nfd7 5. Bd3 c5 6. c3 Nc6 7. Ne2 cxd4 8. cxd4
f6 9. exf6 Qxf6 10. Nf3 h6 11. O-O Bd6 12. Ng3 O-O 13. Bb1 Rd8 14. a3 Nf8 15.
b4 Bd7 16. Bb2 Be8 17. Qe2 Rac8 18. Re1 Rc7 19. Bd3 Rdc8 20. Rad1 Bg6 21. Bxg6
Qxg6 22. Nf1 Nxb4 23. axb4 Rc2 24. Rd2 Bxb4 25. Ne5 Qh7 26. Nd3 Bxd2 27. Nxd2
Qf5 28. Qe3 R2c3 29. Bxc3 Rxc3 30. Nf3 Rxd3 31. Qc1 Rb3 32. h3 a5 33. Qc7 a4
34. Qa5 a3 35. Rc1 Rxf3 0-1

[Event "XXVI Ogolnopolska Olimpiada Mlodziezy"]
[Site "Pulawy"]
[Date "2020.10.09"]
[Round "8.2"]
[White "Musial, Igor"]
[Black "Komendecki, Antoni"]
[Result "1-0"]
[WhiteElo "1722"]
[BlackElo "1801"]
[PlyCount "63"]
[EventDate "2020.10.04"]
[EventType "swiss"]
[Tiebreak "Sum of Buchholz+Median1 Buchholz+Sonneborn-Berger (Swiss)"]

1. e4 c6 2. d4 d5 3. e5 Bf5 4. h4 h5 5. Bd3 Bxd3 6. Qxd3 e6 7. Bg5 Qb6 8. Nd2
c5 9. c3 Qa6 10. Qxa6 Nxa6 11. Ngf3 Ne7 12. Ke2 Nf5 13. a3 Rc8 14. b4 cxd4 15.
cxd4 Be7 16. Rac1 Kd7 17. Bxe7 Kxe7 18. Nb3 b6 19. b5 Nc7 20. a4 a6 21. Rc6
axb5 22. Rhc1 Kd7 23. Rxb6 bxa4 24. Nc5+ Kd8 25. Nb7+ Kd7 26. Nc5+ Kd8 27. Nb7+
Kd7 28. Nd6 Nxd6 29. exd6 Na8 30. Ne5+ Kd8 31. Nxf7+ Kd7 32. Rb7+ 1-0

[Event "XXVI Ogolnopolska Olimpiada Mlodziezy"]
[Site "Pulawy"]
[Date "2020.10.09"]
[Round "8.2"]
[White "Zabrzanska, Weronika"]
[Black "Mroz, Lena"]
[Result "1/2-1/2"]
[WhiteElo "1830"]
[BlackElo "1623"]
[PlyCount "71"]
[EventDate "2020.10.04"]
[EventType "swiss"]
[Tiebreak "Sum of Buchholz+Median1 Buchholz+Sonneborn-Berger (Swiss)"]

1. e4 c5 2. c3 d5 3. exd5 Qxd5 4. d4 Nf6 5. dxc5 Qxd1+ 6. Kxd1 e6 7. b4 a5 8.
Nf3 Nd5 9. Bb5+ Bd7 10. Bxd7+ Nxd7 11. Bd2 N7f6 12. Ne5 Ne4 13. Nd3 b6 14. cxb6
axb4 15. b7 Rb8 16. c4 Nb6 17. f3 Nc5 18. Ne5 f6 19. Nc6 Rxb7 20. Na5 Ra7 21.
Bxb4 Nd3 22. Be1 e5 23. Nb3 Nxc4 24. Ke2 Nf4+ 25. Kf2 Be7 26. g3 Ne6 27. N1d2
Nxd2 28. Bxd2 Kf7 29. Be3 Ra3 30. Bc1 Ra4 31. Rd1 Rha8 32. Rd2 Bd8 33. Kf1 Ke7
34. Rc2 Bb6 35. a3 Kf7 36. Be3 1/2-1/2

[Event "XXVI Ogolnopolska Olimpiada Mlodziezy"]
[Site "Pulawy"]
[Date "2020.10.09"]
[Round "8.3"]
[White "Bochniak, Franciszek"]
[Black "Grot, Blazej"]
[Result "1/2-1/2"]
[WhiteElo "1458"]
[BlackElo "1791"]
[PlyCount "87"]
[EventDate "2020.10.04"]
[EventType "swiss"]
[Tiebreak "Sum of Buchholz+Median1 Buchholz+Sonneborn-Berger (Swiss)"]

1. d4 Nf6 2. c4 e6 3. Nc3 Bb4 4. Nf3 O-O 5. e3 d5 6. Bd3 b6 7. a3 Bd6 8. O-O
Bb7 9. Bd2 a6 10. Rc1 Nbd7 11. cxd5 exd5 12. Ne2 Ne4 13. Ng3 f5 14. Ne2 Ndf6
15. Nf4 Qe8 16. h4 h6 17. Ne5 Nd7 18. Bxe4 fxe4 19. Neg6 Rf6 20. Qg4 Nf8 21.
Nxf8 Rxf8 22. Bb4 Bc8 23. Qg6 Bxf4 24. Qxe8 Rxe8 25. exf4 a5 26. Bd2 Ba6 27.
Rfe1 Bc4 28. f3 exf3 29. gxf3 a4 30. Kf2 h5 31. Re5 Rxe5 32. fxe5 Kf7 33. Ke3
g6 34. Rg1 Re8 35. f4 Bb3 36. Kd3 Bc4+ 37. Ke3 Bb3 38. f5 gxf5 39. Kf4 Re6 40.
Kxf5 Bc2+ 41. Kf4 Rg6 42. Rxg6 Kxg6 43. Bb4 Bf5 44. Be7 1/2-1/2

[Event "XXVI Ogolnopolska Olimpiada Mlodziezy"]
[Site "Pulawy"]
[Date "2020.10.09"]
[Round "8.3"]
[White "Fiszer, Bartosz"]
[Black "Kazmierowski, Tymon"]
[Result "1/2-1/2"]
[WhiteElo "2225"]
[BlackElo "1958"]
[PlyCount "69"]
[EventDate "2020.10.04"]
[EventType "swiss"]
[Tiebreak "Sum of Buchholz+Median1 Buchholz+Sonneborn-Berger (Swiss)"]

1. e4 c5 2. Nf3 d6 3. d4 cxd4 4. Nxd4 Nf6 5. Nc3 a6 6. Bg5 e6 7. f4 h6 8. Bh4
Qb6 9. a3 Be7 10. Bf2 Qc7 11. Qf3 Nbd7 12. O-O-O b5 13. g4 g5 14. h4 gxf4 15.
Be2 Ne5 16. Qxf4 Nexg4 17. Bxg4 e5 18. Qxf6 Bxf6 19. Nd5 Qd8 20. Nf5 Bxf5 21.
Bxf5 Rb8 22. Rd3 O-O 23. Rg1+ Kh8 24. Rdg3 Bxh4 25. Rh3 Bg5+ 26. Rxg5 Qxg5+ 27.
Be3 Qg7 28. Rxh6+ Qxh6 29. Bxh6 Rg8 30. b3 Rg1+ 31. Kb2 Rg2 32. Ne3 Rg3 33. Nd5
Rg2 34. Ne7 Rb7 35. Nd5 1/2-1/2

[Event "XXVI Ogolnopolska Olimpiada Mlodziezy"]
[Site "Pulawy"]
[Date "2020.10.09"]
[Round "8.3"]
[White "Salamon, Julia"]
[Black "Seemann, Pola"]
[Result "1/2-1/2"]
[WhiteElo "1551"]
[BlackElo "1566"]
[PlyCount "90"]
[EventDate "2020.10.04"]
[EventType "swiss"]
[Tiebreak "Sum of Buchholz+Median1 Buchholz+Sonneborn-Berger (Swiss)"]

1. d4 Nf6 2. c4 e6 3. Nc3 Bb4 4. Nf3 b6 5. e3 Bxc3+ 6. bxc3 Bb7 7. Bd3 Ne4 8.
O-O f5 9. Qc2 O-O 10. Nd2 Qh4 11. f3 Nxd2 12. Qxd2 Rf6 13. Qf2 Qh5 14. Be2 Rh6
15. Qg3 d6 16. e4 Rg6 17. Qf2 Rf6 18. f4 Qe8 19. e5 Rf8 20. Bf3 Bxf3 21. Qxf3
Nd7 22. exd6 cxd6 23. Ba3 Qe7 24. Qc6 Rfc8 25. Qxd6 Qxd6 26. Bxd6 Rxc4 27. Rfe1
Kf7 28. d5 Re8 29. Rad1 Nf6 30. dxe6+ Rxe6 31. Rxe6 Kxe6 32. Bb8 Ra4 33. Rd6+
Ke7 34. Rc6 Rxa2 35. Rc7+ Kf8 36. Rxa7 Rxa7 37. Bxa7 b5 38. g3 Ne4 39. Bd4 g6
40. Kf1 Ke7 41. Ke2 Kd6 42. Kd3 Kd5 43. Bg1 Nf6 44. Bd4 Nd7 45. Bg1 Nf6 1/2-1/2

[Event "XXVI Ogolnopolska Olimpiada Mlodziezy"]
[Site "Pulawy"]
[Date "2020.10.09"]
[Round "8.3"]
[White "Uliasz, Katarzyna"]
[Black "Siekanska, Maria"]
[Result "0-1"]
[WhiteElo "1495"]
[BlackElo "1916"]
[PlyCount "100"]
[EventDate "2020.10.04"]
[EventType "swiss"]
[Tiebreak "Sum of Buchholz+Median1 Buchholz+Sonneborn-Berger (Swiss)"]

1. g3 d5 2. Bg2 c5 3. d3 Nc6 4. Nd2 e6 5. e4 d4 6. Ne2 e5 7. O-O Bd6 8. f4 f6
9. h3 Qc7 10. Nc4 Be6 11. Nxd6+ Qxd6 12. b3 Nge7 13. f5 Bd7 14. g4 O-O-O 15.
Ng3 g6 16. Bh6 Rhe8 17. a3 g5 18. Nh5 Ng8 19. Bg7 Re7 20. Bh8 Be8 21. Bf3 Bxh5
22. gxh5 Nh6 23. Bxf6 Qxf6 24. Qe2 g4 25. hxg4 Rg7 26. Rf2 Rdg8 27. Rg2 Nd8 28.
c3 dxc3 29. Rc1 Qd6 30. Kh2 Nc6 31. Qe3 Nd4 32. g5 Rxg5 33. Rxg5 Nxf3+ 34. Qxf3
Rxg5 35. Rxc3 Qd4 36. Rc2 Ng4+ 37. Kh3 Nf6 38. Rg2 Rxh5+ 39. Kg3 Rg5+ 40. Kh4
Rxg2 41. Qxg2 Qxd3 42. Kg5 Qg3+ 43. Qxg3 Nxe4+ 44. Kh6 Nxg3 45. f6 Kd7 46. Kxh7
Ne4 47. Kg6 Nxf6 48. Kf5 e4 49. Kf4 Kd6 50. Ke3 Ke5 0-1

[Event "XXVI Ogolnopolska Olimpiada Mlodziezy"]
[Site "Pulawy"]
[Date "2020.10.09"]
[Round "8.4"]
[White "Banasiak, Adrianna"]
[Black "Slusarczyk, Anna"]
[Result "1-0"]
[WhiteElo "1216"]
[BlackElo "1330"]
[PlyCount "85"]
[EventDate "2020.10.04"]
[EventType "swiss"]
[Tiebreak "Sum of Buchholz+Median1 Buchholz+Sonneborn-Berger (Swiss)"]

1. d4 Nf6 2. Bg5 d5 3. Bxf6 gxf6 4. Nf3 c5 5. e3 Nc6 6. g3 Bg4 7. h3 Bxf3 8.
Qxf3 cxd4 9. Nd2 e5 10. e4 a6 11. exd5 Nb4 12. Qb3 Qxd5 13. Qxd5 Nxd5 14. Bg2
O-O-O 15. Nc4 Nb4 16. Be4 d3 17. Bxd3 Nxd3+ 18. cxd3 b5 19. Ne3 Rxd3 20. Rc1+
Kb7 21. Ke2 Rd8 22. Rc2 Bb4 23. Rhc1 Rc8 24. Rxc8 Rxc8 25. Rxc8 Kxc8 26. Nd5
Bc5 27. Nxf6 h6 28. Ng4 Bd4 29. Nxh6 Bxb2 30. Nxf7 b4 31. Nd6+ Kd7 32. Nc4 Bd4
33. f3 Kc6 34. Kd3 Kb5 35. g4 a5 36. g5 Bc5 37. Nxe5 Bf8 38. f4 a4 39. Kc2 Bg7
40. h4 Kc5 41. h5 Kd5 42. h6 Bh8 43. g6 1-0

[Event "XXVI Ogolnopolska Olimpiada Mlodziezy"]
[Site "Pulawy"]
[Date "2020.10.09"]
[Round "8.4"]
[White "Halhoul, Adam"]
[Black "Backiel, Hubert"]
[Result "0-1"]
[WhiteElo "1718"]
[BlackElo "2073"]
[PlyCount "64"]
[EventDate "2020.10.04"]
[EventType "swiss"]
[Tiebreak "Sum of Buchholz+Median1 Buchholz+Sonneborn-Berger (Swiss)"]

1. d4 d5 2. c4 e6 3. Nc3 c6 4. Nf3 dxc4 5. a4 Bb4 6. Ne5 b5 7. e3 Nf6 8. axb5
cxb5 9. Qf3 Qd5 10. Be2 Bb7 11. Qg3 Qxg2 12. Qxg2 Bxg2 13. Rg1 Be4 14. Rxg7 Bg6
15. Bf3 Nd5 16. Bxd5 exd5 17. e4 dxe4 18. Ke2 Bxc3 19. bxc3 Nd7 20. Nxd7 Kxd7
21. Bf4 a5 22. Rb1 a4 23. Rxb5 a3 24. Rb1 a2 25. Ra1 Ra7 26. Kd2 Rha8 27. Be3
Rb7 28. Kc2 Ke7 29. h4 h5 30. Kc1 Rb3 31. Kc2 Ke6 32. Rxg6+ fxg6 0-1

[Event "XXVI Ogolnopolska Olimpiada Mlodziezy"]
[Site "Pulawy"]
[Date "2020.10.09"]
[Round "8.4"]
[White "Obrochta, Lena"]
[Black "Bukala, Weronika"]
[Result "1-0"]
[WhiteElo "1765"]
[BlackElo "1704"]
[PlyCount "35"]
[EventDate "2020.10.04"]
[EventType "swiss"]
[Tiebreak "Sum of Buchholz+Median1 Buchholz+Sonneborn-Berger (Swiss)"]

1. e4 d5 2. exd5 Qxd5 3. d4 Nc6 4. Be3 e5 5. c4 Qe4 6. Nc3 Bb4 7. d5 Bxc3+ 8.
bxc3 Nce7 9. Nf3 Bf5 10. Rc1 Nf6 11. Ng5 Qg4 12. Be2 Qh4 13. g3 Qh6 14. Nxf7
Qh3 15. Ng5 Qh6 16. Ne6 Qh3 17. Nxc7+ Kd7 18. Nxa8 1-0

[Event "XXVI Ogolnopolska Olimpiada Mlodziezy"]
[Site "Pulawy"]
[Date "2020.10.09"]
[Round "8.4"]
[White "Przybylski, Jan"]
[Black "Krawczyk, Flawian"]
[Result "0-1"]
[WhiteElo "1398"]
[BlackElo "2114"]
[PlyCount "128"]
[EventDate "2020.10.04"]
[EventType "swiss"]
[Tiebreak "Sum of Buchholz+Median1 Buchholz+Sonneborn-Berger (Swiss)"]

1. e4 c5 2. Nf3 Nc6 3. d4 cxd4 4. Nxd4 g6 5. Nc3 Bg7 6. Be3 Nf6 7. Bc4 O-O 8.
Bb3 d6 9. f3 Bd7 10. Qd2 Rc8 11. O-O-O Nxd4 12. Bxd4 b5 13. h4 b4 14. Nd5 Nxd5
15. Bxg7 Kxg7 16. Bxd5 h5 17. Qxb4 a5 18. Qd4+ e5 19. Qd2 Qb6 20. g4 Ba4 21. b3
Bc6 22. Bxc6 Rxc6 23. Kb2 Rfc8 24. Rc1 Rc3 25. gxh5 a4 26. hxg6 axb3 27. cxb3
Rxc1 28. Rxc1 Rxc1 29. Kxc1 fxg6 30. Kb2 Kf7 31. f4 Kf6 32. f5 gxf5 33. Qg5+
Kf7 34. Qxf5+ Kg7 35. Qg5+ Kf7 36. Qd2 Ke6 37. h5 Qg1 38. h6 Qh1 39. Qd5+ Ke7
40. h7 Qg2+ 41. Ka3 Qh2 42. Qg8 Qd2 43. Qg7+ Ke6 44. Qa7 Qc1+ 45. Kb4 Qd2+ 46.
Ka4 Qxa2+ 47. Kb4 Qxa7 48. h8=Q Qd4+ 49. Ka3 Qxe4 50. Qe8+ Kd5 51. Qb5+ Kd4 52.
Qb4+ Kd3 53. Qxd6+ Qd4 54. Qa6+ Kd2 55. Qh6+ Kd3 56. Qh3+ Ke2 57. Qh2+ Kd1 58.
Qh5+ Kc2 59. Qe2+ Kc3 60. Qe1+ Kd3 61. Qb1+ Kd2 62. Qa2+ Kc1 63. b4 e4 64. b5
e3 0-1

[Event "XXVI Ogolnopolska Olimpiada Mlodziezy"]
[Site "Pulawy"]
[Date "2020.10.09"]
[Round "8.5"]
[White "Barwinska, Ewa"]
[Black "Janikowska, Wiktoria"]
[Result "1-0"]
[WhiteElo "1742"]
[BlackElo "1580"]
[PlyCount "83"]
[EventDate "2020.10.04"]
[EventType "swiss"]
[Tiebreak "Sum of Buchholz+Median1 Buchholz+Sonneborn-Berger (Swiss)"]

1. e4 c5 2. Ne2 Nc6 3. c4 d6 4. d4 cxd4 5. Nxd4 Nf6 6. Nc3 g6 7. Nc2 Bg7 8. Be2
O-O 9. Be3 Be6 10. f3 Rc8 11. Qd2 Nd7 12. Bh6 Qb6 13. Bxg7 Kxg7 14. b3 Nf6 15.
Ne3 Qd4 16. Qxd4 Nxd4 17. Rd1 Nc6 18. Ned5 Bxd5 19. exd5 Ne5 20. f4 Neg4 21.
Rd3 h5 22. h3 Nh6 23. g3 a6 24. Rg1 Rh8 25. Bf3 Rce8 26. Kf2 Nd7 27. Rdd1 f6
28. Ne2 Nf7 29. Nd4 Nf8 30. Rge1 Nd8 31. Rc1 e5 32. dxe6 Nfxe6 33. Nxe6+ Nxe6
34. Rcd1 Nc5 35. Rxe8 Rxe8 36. Rxd6 a5 37. Bxb7 Re7 38. Bf3 Ra7 39. Rd5 Nd7 40.
c5 Rc7 41. c6 Nb8 42. Rxa5 1-0

[Event "XXVI Ogolnopolska Olimpiada Mlodziezy"]
[Site "Pulawy"]
[Date "2020.10.09"]
[Round "8.5"]
[White "Karolczuk, Iwo"]
[Black "Maslanka, Wojciech"]
[Result "1-0"]
[WhiteElo "2010"]
[BlackElo "1824"]
[PlyCount "131"]
[EventDate "2020.10.04"]
[EventType "swiss"]
[Tiebreak "Sum of Buchholz+Median1 Buchholz+Sonneborn-Berger (Swiss)"]

1. d4 Nf6 2. c4 g6 3. Nc3 d5 4. cxd5 Nxd5 5. g3 Bg7 6. Bg2 Nb6 7. e3 c5 8. d5
h5 9. h3 Na6 10. Nge2 O-O 11. O-O Nc7 12. e4 Bd7 13. f4 Nb5 14. e5 e6 15. dxe6
Nxc3 16. exf7+ Rxf7 17. Nxc3 h4 18. g4 g5 19. fxg5 Rxf1+ 20. Qxf1 Bxe5 21. Qd3
Bd4+ 22. Be3 Qxg5 23. Bxd4 cxd4 24. Qxd4 Rf8 25. Bxb7 Rf4 26. Bd5+ Kh7 27. Be4+
Kg8 28. Nd5 Rf7 29. Bg2 Bc6 30. Nxb6 Bxg2 31. Kxg2 axb6 32. Re1 Qb5 33. b3 Qc6+
34. Kg1 b5 35. Qd8+ Kg7 36. Qg5+ Kf8 37. b4 Qd7 38. Qe5 Rg7 39. Qf6+ Kg8 40.
Qe5 Qa7+ 41. Qc5 Qd7 42. Qe3 Qa7 43. a3 Kh7 44. Qxa7 Rf7 45. Qb7 Rxb7 46. Re3
Ra7 47. Kf2 Kg6 48. Rf3 Rb7 49. Ke2 Rc7 50. Kd2 Rc6 51. Rc3 Rf6 52. Ke3 Rf1 53.
Kd4 Rg1 54. Rf3 Rc1 55. Ke5 Re1+ 56. Kf4 Rc1 57. Ke4 Rg1 58. Kd4 Rc1 59. Rf5
Rh1 60. Rxb5 Rxh3 61. Rh5 Rxa3 62. Rxh4 Kg5 63. Rh8 Kxg4 64. Rf8 Rb3 65. Kc5
Rc3+ 66. Kb6 1-0

[Event "XXVI Ogolnopolska Olimpiada Mlodziezy"]
[Site "Pulawy"]
[Date "2020.10.09"]
[Round "8.5"]
[White "Warchol, Kamil"]
[Black "Ratajczak, Hubert"]
[Result "1/2-1/2"]
[WhiteElo "1875"]
[BlackElo "1595"]
[PlyCount "38"]
[EventDate "2020.10.04"]
[EventType "swiss"]
[Tiebreak "Sum of Buchholz+Median1 Buchholz+Sonneborn-Berger (Swiss)"]

1. e4 c5 2. Nf3 d6 3. d4 cxd4 4. Nxd4 Nf6 5. Nc3 Nc6 6. Bc4 e6 7. Be3 Be7 8.
Qe2 a6 9. O-O-O Nxd4 10. Bxd4 b5 11. Bb3 Bb7 12. e5 dxe5 13. Qxe5 Qb8 14. Qe2
O-O 15. f3 Qc7 16. Be5 Qc5 17. Bd4 Qc7 18. Be5 Qc5 19. Bd4 Qc7 1/2-1/2

[Event "XXVI Ogolnopolska Olimpiada Mlodziezy"]
[Site "Pulawy"]
[Date "2020.10.09"]
[Round "8.5"]
[White "Ziobrowska, Maja"]
[Black "Pniewska, Beata"]
[Result "1/2-1/2"]
[WhiteElo "1483"]
[BlackElo "1170"]
[PlyCount "119"]
[EventDate "2020.10.04"]
[EventType "swiss"]
[Tiebreak "Sum of Buchholz+Median1 Buchholz+Sonneborn-Berger (Swiss)"]

1. e4 e6 2. d4 d5 3. Nd2 c5 4. exd5 exd5 5. Ngf3 Nc6 6. Bb5 Bd6 7. O-O Nge7 8.
dxc5 Bxc5 9. Nb3 Bb6 10. c3 O-O 11. Re1 Bg4 12. Be3 Re8 13. Nbd4 a6 14. Be2
Nxd4 15. Nxd4 Bxe2 16. Rxe2 Nc6 17. Rd2 Nxd4 18. Bxd4 Bxd4 19. Rxd4 Re5 20. h3
Qb6 21. Qb3 Qxb3 22. axb3 a5 23. Rad1 Rd8 24. Kf1 Kf8 25. c4 Ke7 26. cxd5 Kd6
27. Ra1 Kc5 28. Rc4+ Kb6 29. Rf4 f5 30. b4 Rdxd5 31. bxa5+ Rxa5 32. Rfa4 Rxa4
33. Rxa4 Kc6 34. Rh4 h6 35. g4 fxg4 36. Rxg4 Re7 37. Rg6+ Kb5 38. Kg2 Ka5 39.
Kg3 b5 40. Kg4 Ka4 41. f4 Kb3 42. Kf5 b4 43. Rb6 Re2 44. Rb7 g5 45. fxg5 hxg5
46. Kxg5 Rxb2 47. h4 Rh2 48. h5 Ka3 49. Ra7+ Kb2 50. h6 b3 51. h7 Kc2 52. Rc7+
Kb1 53. Kg6 b2 54. Kg7 Ka2 55. Ra7+ Kb3 56. Rb7+ Kc2 57. Rc7+ Kb3 58. Rb7+ Kc2
59. Rc7+ Kb3 60. Rb7+ 1/2-1/2

[Event "XXVI Ogolnopolska Olimpiada Mlodziezy"]
[Site "Pulawy"]
[Date "2020.10.09"]
[Round "8.6"]
[White "Kucharska, Helena"]
[Black "Tokarz, Izabela"]
[Result "0-1"]
[WhiteElo "1727"]
[BlackElo "1549"]
[PlyCount "120"]
[EventDate "2020.10.04"]
[EventType "swiss"]
[Tiebreak "Sum of Buchholz+Median1 Buchholz+Sonneborn-Berger (Swiss)"]

1. e4 c5 2. Nf3 Nc6 3. Bb5 g6 4. O-O Bg7 5. Re1 e5 6. b4 Nxb4 7. Bb2 a6 8. a3
Nc6 9. Bxc6 bxc6 10. Bxe5 Bxe5 11. Nxe5 Qf6 12. d4 Ne7 13. c3 O-O 14. Nc4 d5
15. e5 Qg7 16. Nd6 cxd4 17. cxd4 Nf5 18. Nxc8 Rfxc8 19. g4 Ne7 20. Nc3 Rab8 21.
Na4 Rb5 22. Rb1 Qh6 23. Qd3 Qg5 24. h3 h5 25. Qg3 Qd2 26. Rbd1 Qg5 27. f4 Qh6
28. Rb1 Rcb8 29. Rxb5 Rxb5 30. g5 Nf5 31. Qc3 Qf8 32. Nc5 Ng7 33. a4 Rxc5 34.
dxc5 Ne6 35. Qd2 Qxc5+ 36. Kh2 d4 37. Rc1 Qd5 38. Rb1 Qf3 39. Rb8+ Kg7 40. Qb4
Qxf4+ 41. Kh1 Qe4+ 42. Kg1 Qe3+ 43. Kh2 Qxe5+ 44. Kh1 Qe4+ 45. Kh2 Qe2+ 46. Kh1
Qf3+ 47. Kh2 Qf2+ 48. Kh1 Qg3 49. Ra8 Qxh3+ 50. Kg1 Qe3+ 51. Kh1 Qh3+ 52. Kg1
Qg3+ 53. Kh1 Qxg5 54. Qb8 Kf6 55. Qh8+ Kf5 56. Qe8 Qc1+ 57. Kh2 Qf4+ 58. Kg2
Kg4 59. Rxa6 Qd2+ 60. Kg1 Qe1+ 0-1